[Event "ROM-ch U10"]
[Site "Calimanesti"]
[Date "2015.04.06"]
[Round "9"]
[White "Porojan, Victor Andrei"]
[Black "Irimia, Andrei"]
[Result "1-0"]
[WhiteElo "1001"]
[BlackElo "1001"]
[PlyCount "97"]
[EventDate "2015.03.30"]
[EventType "swiss"]
[EventRounds "9"]
[EventCountry "ROU"]
[SourceTitle "CBM 165 Extra"]
[Source "ChessBase"]
[SourceDate "2015.04.21"]
[SourceVersion "1"]
[SourceVersionDate "2015.04.21"]
[SourceQuality "1"]

1. d4 d5 2. Nf3 e6 3. Bf4 Nc6 4. c3 Nf6 5. e3 Bd6 6. Bxd6 Qxd6 7. Bd3 Ng4 8. Nbd2 0-0 9. Qe2 Nf6 10. 0-0 Ng4 11. e4 dxe4 12. Nxe4 Qf4 13. h3 Nf6 14. Nxf6+ Qxf6 15. Ne5 Nxe5 16. dxe5 Qg5 17. Rfe1 b5 18. Bxb5 Bb7 19. Qg4 Qxg4 20. hxg4 c6 21. Bd3 Rad8 22. Rad1 h6 23. Be4 Rxd1 24. Rxd1 g6 25. Bc2 Rb8 26. b4 f5 27. exf6 Kh7 28. Rd7+ Kh8 29. f7 Ba6 30. Rxa7 Be2 31. Rc7 Bxg4 32. Rxc6 g5 33. Rc7 Bf5 34. Bxf5 exf5 35. Re7 Kg7 36. Re8 Rxe8 37. fxe8Q h5 38. Qe5+ Kg6 39. Qe6+ Kg7 40. Qxf5 g4 41. Qxh5 Kf6 42. Qxg4 Ke5 43. Kf1 Kd5 44. Ke2 Kc6 45. Qg5 Kb6 46. Kd3 Kc6 47. Kc4 Kd6 48. Qd5+ Kc7 49. Kc5 1-0

[Event "ROM-ch U10"]
[Site "Calimanesti"]
[Date "2015.04.04"]
[Round "7"]
[White "Irimia, Andrei"]
[Black "Coroiu, Alexandru"]
[Result "0-1"]
[WhiteElo "1001"]
[BlackElo "1011"]
[PlyCount "40"]
[EventDate "2015.03.30"]
[EventType "swiss"]
[EventRounds "9"]
[EventCountry "ROU"]
[SourceTitle "CBM 165 Extra"]
[Source "ChessBase"]
[SourceDate "2015.04.21"]
[SourceVersion "1"]
[SourceVersionDate "2015.04.21"]
[SourceQuality "1"]

1. e4 e5 2. Bc4 Nf6 3. Nc3 Nc6 4. d3 Bb4 5. Bg5 h6 6. Bxf6 Qxf6 7. Nf3 d6 8. a3 Bxc3+ 9. bxc3 Bg4 10. h3 Bh5 11. g4 Bg6 12. Rb1 b6 13. Bd5 Kd7 14. 0-0 h5 15. g5 Qf4 16. h4 f5 17. exf5 Bxf5 18. d4 Bh3 19. Re1 Qg4+ 20. Kh1 Qg2# 0-1

[Event "ROM-ch U10"]
[Site "Calimanesti"]
[Date "2015.04.03"]
[Round "6"]
[White "Musat, Tudor Mihai"]
[Black "Irimia, Andrei"]
[Result "0-1"]
[WhiteElo "1052"]
[BlackElo "1001"]
[PlyCount "26"]
[EventDate "2015.03.30"]
[EventType "swiss"]
[EventRounds "9"]
[EventCountry "ROU"]
[SourceTitle "CBM 165 Extra"]
[Source "ChessBase"]
[SourceDate "2015.04.21"]
[SourceVersion "1"]
[SourceVersionDate "2015.04.21"]
[SourceQuality "1"]

1. e4 e5 2. Nf3 Nc6 3. Bb5 Nd4 4. Nxd4 exd4 5. 0-0 c6 6. Be2 Nf6 7. d3 h6 8. Bd2 Nh7 9. c3 dxc3 10. Bxc3 Bd6 11. Bxg7 Rg8 12. Bxh6 Qh4 13. Be3 Qxh2# 0-1

[Event "CAN-ch U16"]
[Site "Ottawa"]
[Date "2007.07.04"]
[Round "3"]
[White "MacMillan, Michael"]
[Black "Irimia, Andrei"]
[Result "1-0"]
[WhiteElo "1863"]
[BlackElo "1622"]
[PlyCount "115"]
[EventDate "2007.07.03"]
[EventType "swiss"]
[EventRounds "7"]
[EventCountry "CAN"]
[SourceTitle "EXT 2022"]
[Source "ChessBase"]
[SourceDate "2021.10.06"]
[SourceVersion "1"]
[SourceVersionDate "2021.10.06"]
[SourceQuality "1"]

1. e4 e6 2. d4 d5 3. exd5 exd5 4. Nf3 Nf6 5. Be2 Bd6 6. Bg5 Nc6 7. Nc3 Be7 8. 0-0 0-0 9. Re1 Ne4 10. Bxe7 Nxe7 11. Nxe4 dxe4 12. Ne5 Ng6 13. Nxg6 hxg6 14. Bc4 Re8 15. c3 Qg5 16. Re3 Qh5 17. Qb3 Qf5 18. Rae1 c6 19. f3 b5 20. fxe4 Qf6 21. Bd3 Bd7 22. e5 Qe7 23. e6 Bxe6 24. Rxe6 fxe6 25. Bxg6 Qf6 26. Bxe8 Rxe8 27. Rf1 Qg5 28. Qc2 Kh8 29. Rf3 a6 30. Rh3+ Kg8 31. Qh7+ Kf8 32. Qh8+ Ke7 33. Qh4 Qxh4 34. Rxh4 Rf8 35. Rh7 Kf6 36. Rh5 Kg6 37. Rc5 Rc8 38. Kf2 Kf6 39. Ke3 Ke7 40. g4 Kd6 41. h4 Rh8 42. Rh5 Rxh5 43. gxh5 Ke7 44. Kf4 Kf6 45. b4 Ke7 46. Ke5 Kd7 47. h6 gxh6 48. Kf6 Kd6 49. Kg6 e5 50. dxe5+ Kxe5 51. Kxh6 Kf5 52. h5 c5 53. Kg7 a5 54. bxa5 b4 55. c4 Ke6 56. h6 Ke7 57. h7 Ke6 58. h8Q 1-0